[Event "EU-Cup 18th"]
[Site "Kallithea"]
[Date "2002.09.24"]
[Round "3.4"]
[White "Roiz, Michael"]
[Black "Steflitsch, Erich"]
[Result "1-0"]
[WhiteElo "2507"]
[BlackElo "2399"]
[Annotator "Huzman,A"]
[PlyCount "63"]
[EventDate "2002.09.22"]
[EventType "team-swiss"]
[EventRounds "7"]
[EventCountry "GRE"]
[SourceTitle "CBM 092"]
[Source "ChessBase"]
[SourceDate "2003.02.06"]
[SourceVersion "1"]
[SourceVersionDate "2003.02.06"]
[SourceQuality "1"]
[WhiteTeam "Beer Sheva"]
[BlackTeam "Klagenfurt"]
[WhiteTeamCountry "ISR"]
[BlackTeamCountry "AUT"]

1. d4 Nf6 2. Nf3 d5 3. c4 dxc4 4. e3 Bg4 5. h3 Bh5 6. Nc3 e6 7. g4 Bg6 8. Ne5
Nbd7 9. Nxg6 hxg6 10. Bxc4 c6 11. Bd2 Bb4 (11... Be7 12. Qf3 a6 13. Bb3 Nb6 14.
O-O-O a5 15. a3 a4 16. Ba2 Nbd5 17. e4 Nxc3 18. Bxc3 Qb6 19. h4 $36 {1-0 Kan,
I-Goldenov,B/Moscow 1952/URS-ch (41)}) (11... a6 12. Qf3 b5 13. Bf1 Nd5 14. Bg2
Bb4 15. Rc1 Rc8 16. a3 Bxc3 17. Bxc3 c5 18. Qg3 cxd4 19. exd4 N7b6 $11 {
1/2-1/2 Hellsten,J-Oliwa,M/Limhamn 1998/EXT 99 (46)}) (11... Qc7 12. Qf3 Nb6
13. Bb3 Nfd5 14. e4 Nxc3 15. bxc3 Ba3 16. Bc1 Qe7 17. Bxa3 Qxa3 18. O-O Qe7 19.
d5 e5 20. dxc6 bxc6 $11 {1/2-1/2 Hoi,C-Fries Nielsen,J/Esbjerg 1978/MCL (26)})
12. Qf3 Nd5 13. Bb3 Qf6 $6 {The Q makes the first step in a wrong direction.} (
13... Qe7 $5) 14. Qg3 $1 Qh4 (14... O-O-O $2 15. Nxd5 Bxd2+ 16. Kxd2 exd5 17.
Bxd5 $16) 15. Qg2 O-O-O 16. O-O-O N7b6 17. Kb1 {[%cal Gd1c1,Gc1c8] Black is
playing without any plan.White starts to regroup his pieces for an attack on
the Q- side.} Nf6 18. Ka1 Rd7 $2 (18... g5 $5 19. Ne4 Bxd2 20. Nxd2 Nfd5 21.
Rc1 $14) 19. g5 Nh7 $6 {both the Q on "h4" and the N on "h7" will remain
passive spectators until the very end of the game.} (19... Bxc3 20. Bxc3 Ne4
21. Be1 $1 Nd6 22. f4 Qh5 23. Rc1 (23. e4 Nb5 24. Bf2 Rhd8 25. d5 exd5 26. exd5
Nc7 {[%csl Rd5]}) 23... Nf5 24. Qf2 Qh4 25. Qg1 Qh5 26. Bd1 Qh7 27. Bf3 $16)
20. f4 $16 {[%csl Rh4,Rh7]} Rhd8 21. Rc1 Nf8 22. Be1 $1 Qh8 23. Bg3 {[%csl Rc8]
[%cal Gc3b5][%mdl 4]} a6 (23... Nd5 24. e4 Nxc3 25. bxc3 $16) 24. Ne4 $1 Nd5
25. Qe2 Qh5 26. Qf2 Ne7 27. Bd1 $1 Qh8 28. Qc2 Nf5 29. Bf2 Rc7 30. Qb3 Be7 31.
Be2 Nd7 $2 32. Be1 $1 {[%cal Ge1a5]} 1-0

[Event "Lippstadt 11th"]
[Site "Lippstadt"]
[Date "2003.08.15"]
[Round "9"]
[White "Chiburdanidze, Maia"]
[Black "Romanishin, Oleg M"]
[Result "0-1"]
[WhiteElo "2497"]
[BlackElo "2561"]
[Annotator "Huzman,A"]
[PlyCount "92"]
[EventDate "2003.08.07"]
[EventType "tourn"]
[EventRounds "11"]
[EventCountry "GER"]
[EventCategory "9"]
[SourceTitle "CBM 097"]
[Source "ChessBase"]
[SourceDate "2003.11.11"]
[SourceVersion "1"]
[SourceVersionDate "2003.11.11"]
[SourceQuality "1"]

1. d4 Nf6 2. Nf3 d5 3. c4 dxc4 4. e3 Bg4 5. Bxc4 e6 6. Qb3 Bxf3 7. gxf3 Nbd7 8.
Nc3 Nb6 9. Be2 Be7 10. f4 O-O 11. Bf3 c5 12. dxc5 Bxc5 13. Bd2 (13. Bxb7 Rb8
14. Bf3 Nfd5 15. O-O Qh4 16. Ne4 Nd7 17. Qd1 Rfd8 18. Bg2 Rb6 19. b3 Be7 20.
Bb2 N7f6 21. Qf3 Nxe4 22. Qxe4 Bf6 23. Bxf6 Nxf6 24. Qa4 Rbd6 25. Qxa7 Rd2 26.
h3 e5 27. Rac1 exf4 28. Rc4 Nh5 29. Rd4 R2xd4 30. exd4 f3 31. Bxf3 Nf4 32. Bg2
Qg5 33. Qb7 Nxh3+ 34. Kh2 Nf4 35. Re1 h5 36. Re3 Rxd4 37. Re8+ Kh7 38. Be4+ f5
{0-1 Lorincz,I-Egedi,I/Hungary 1997/EXT 2000 (38)}) (13. O-O Qe7 14. Na4 Nxa4
15. Qxa4 Rad8 (15... Nd5 16. Bd2 Rfd8 $11 {1-0 Pieper Emden,C-Gruettemeier,U/
Halle 1986/EXT 2002 (54)}) 16. b4 Bb6 17. Bb2 Nd5 18. b5 Qh4 19. Rad1 Nf6 20.
Bxf6 gxf6 21. Rxd8 Rxd8 22. Rd1 $11 {1/2-1/2 Blau,M-Van den Berg,A/Luzern 1963/
EXT 2001 (41)}) 13... a5 14. Ne4 (14. Bxb7 Rb8 (14... a4 15. Qc2 Rb8 16. Bf3
Nc4 17. Nxa4 Nxd2 18. Qxd2 Bb4 19. Nc3 Ba5 (19... Qxd2+ 20. Kxd2 Bxc3+ 21. bxc3
Rb2+ 22. Ke1 Rc8 23. a4 Rxc3 24. a5 $16) 20. Rb1 $16) 15. Bf3 Nbd5 16. Qc4 Nb4
17. Ke2 Qd7 (17... Rc8 18. Qb5 Rb8 19. Qc4 $11) 18. Rhd1 (18. Qxc5 $2 Qd3+ 19.
Kd1 Qc2+ 20. Ke2 Rfd8 $19) 18... Rfc8 $17) 14... Nxe4 15. Bxe4 Qe7 $11 16. a3 (
16. Bc3 a4 17. Qc2 f5 18. Rg1 Bb4 $1 $15) 16... a4 {This move of Black looks
risky because pawn a4 becomes weak.But Black expected rigtly that good
coordination of their pieces and weak position of Ke1 will compensate possible
loss of pawn.} (16... Rfd8 $5) 17. Qb5 Nd5 18. Rc1 b6 19. Rc4 Rfd8 (19... Qh4
$5 {[%cal Yh4e1] /\20.Be3} 20. O-O Rfd8 $13) 20. Rxa4 Rac8 $44 21. Rc4 $2 (21.
Qe2 b5 $1 22. Qxb5 Rb8 $36) (21. Rg1 $142 Qh4 22. Qe2 $132) 21... Qh4 $5 (21...
Qd6 $1 {[%cal Yd8d2]} 22. Rc2 Nf6 23. Bb7 (23. Bf3 Bxe3 $1 $19) 23... Rc7 24.
O-O Rxb7 25. b4 Qd7 (25... Ne4 $5 $17) 26. Qxd7 Rbxd7 27. bxc5 Rxd2 28. Rxd2
Rxd2 29. Rb1 (29. cxb6 Rb2 30. Rc1 Kf8 $19) 29... b5 30. Rxb5 Kf8 $19) 22. Bxd5
exd5 23. Rc1 d4 $6 (23... Re8 $1 24. Kd1 (24. O-O Qg4+ 25. Kh1 Qf3+ 26. Kg1 Re6
$19) (24. Qe2 Bxe3 $1 25. Rxc8 Bxd2+ 26. Kxd2 Rxc8 27. Qe3 $17) 24... Qxf2 25.
Qe2 Qh4 $17) 24. Qe2 Re8 $2 (24... dxe3 25. Bxe3 Bxe3 26. Rxc8 Rxc8 27. Qxe3
Qg4 $17) 25. O-O Qh3 $6 (25... Rc6 26. Qf3 Rh6 27. h3 $11) (25... Qxf4 $1 26.
b4 Qg5+ 27. Kh1 Bd6 28. e4 Qh4 29. f4 Qh3 $17) 26. Kh1 d3 (26... Rcd8 27. Rg1
$11) 27. Qd1 Rc6 28. Rg1 Rg6 $1 (28... Rh6 29. Rg2 $16 {[%cal Gd2c3]}) 29. Rxg6
hxg6 30. Qf1 (30. b4 Bd6 (30... Be7 31. Kg1 g5 $36) 31. Rc3 g5 32. Rxd3 Bxf4
$17) (30. Bc3 Bd6 31. Qf1 Qf3+ 32. Kg1 g5 33. Qxd3 Bxf4 $36) 30... Qf3+ 31. Kg1
(31. Qg2 $2 Qe2 $19) 31... g5 $5 (31... Rd8 32. b4 Be7 33. Qg2 Qe2 34. f3 b5 $1
(34... Bh4 35. a4 $132) 35. Re1 (35. e4 Bh4 $1) 35... Qxg2+ 36. Kxg2 Rc8 37.
Rc1 Rxc1 38. Bxc1 Bf6 39. Bd2 $11) (31... Qg4+ 32. Kh1 Qf3+ $11) 32. b4 (32.
Qxd3 $2 gxf4 $40) 32... Qg4+ $11 33. Kh1 Qf3+ 34. Kg1 Qg4+ 35. Kh1 Qf3+ 36. Qg2
$2 (36. Kg1 Qg4+ $11 (36... gxf4 37. bxc5 Re6 38. h3 $18)) 36... Qe2 37. bxc5
Qxd2 38. Rg1 Qe2 $6 (38... bxc5 39. Qxg5 Qb2 $1 (39... Qc3 40. f5 Kf8 (40... c4
41. f6 g6 42. Qf5 Kf8 43. Qc5+ (43. Rxg6 fxg6 44. Qxg6 Re7 45. fxe7+ Kxe7 $11)
43... Kg8 44. Qf5 $11) 41. f6 Qxf6 $1 (41... gxf6 42. Qd5 $132) 42. Qxc5+ Kg8
$17) 40. f5 (40. h4 c4 41. h5 Re6 $17) 40... c4 41. f6 g6 $17) 39. Qxg5 $4 (39.
cxb6 d2 40. Qd5 gxf4 41. b7 Qxf2 42. Rxg7+ $1 Kxg7 43. Qg5+ Kf8 44. Qc5+ $11)
39... Qf3+ $19 40. Rg2 Qd1+ 41. Rg1 Qf3+ 42. Qg2 (42. Rg2 g6 43. Qg4 Qxg4 44.
Rxg4 bxc5 $19) 42... Qxg2+ 43. Kxg2 bxc5 44. Ra1 (44. Rc1 Rd8 45. Kf1 d2 46.
Rd1 c4 47. Ke2 c3 $19) 44... c4 45. Kf1 c3 46. Ke1 Re6 0-1

[Event "Czerniak Memorial 14th"]
[Site "Tel Aviv"]
[Date "1998.04.11"]
[Round "3"]
[White "Gofshtein, Leonid D"]
[Black "Rabinovich, Alexander"]
[Result "0-1"]
[WhiteElo "2520"]
[BlackElo "2425"]
[Annotator "Huzman,A"]
[PlyCount "78"]
[EventDate "1998.04.09"]
[EventType "tourn"]
[EventRounds "9"]
[EventCountry "ISR"]
[EventCategory "9"]
[SourceTitle "CBM 065"]
[Source "ChessBase"]
[SourceDate "1998.08.06"]
[SourceVersion "1"]
[SourceVersionDate "1998.08.06"]
[SourceQuality "1"]

1. d4 d5 2. c4 dxc4 3. Nf3 Nf6 4. e3 b5 5. a4 b4 6. Bxc4 e6 7. Nbd2 Bb7 8. O-O
Be7 9. Qe2 O-O 10. e4 (10. Nb3 $5) 10... c5 11. dxc5 (11. e5 Nd5 12. Ne4 cxd4
13. Rd1 (13. Nxd4 $2 Nb6 $15) 13... Qc7 $132) 11... Nbd7 12. e5 (12. b3 $6 Nxc5
13. Rd1 Qc7 14. e5 Nd5 $15 {[%csl Rc3]}) 12... Nd5 13. Nb3 (13. Ne4 Nxc5 {
-see game.}) 13... Nxc5 14. Nxc5 Bxc5 15. Ng5 $5 {[%cal Ge2g4,Gg5e4,Gc1h6,
Gg4g8]} (15. Rd1 $11) 15... Be7 16. Qg4 Rc8 17. b3 {[%cal Gg5e4,Gc1h6]} Rxc4 $5
18. bxc4 Nc3 $44 {[%cal Yd8d3,Yb4b1,Yb7g2]} 19. Nf3 (19. Re1 Qd3 $36) 19... Be4
$1 20. Re1 $6 (20. Bh6 Bg6 21. Bg5 Bxg5 22. Nxg5 Qc7 $36 {[%cal Yb4b2]}) 20...
Ne2+ $1 21. Rxe2 (21. Kh1 $142 Bf5 22. Qh5 Nxc1 (22... Qd3 $5) 23. Raxc1 b3 $17
) 21... Bxf3 22. gxf3 Qd1+ 23. Kg2 Qxe2 $17 {[%cal Ye2e5] /-+} 24. Be3 Rc8 25.
Qd4 Rxc4 26. Qxa7 Bf8 27. Qb6 (27. Qb8 Rc3 $17) 27... Qc2 $1 {[%cal Yb4b2]} 28.
Qd8 b3 29. Qd1 Qxd1 30. Rxd1 Rxa4 $19 31. Rd8 Rc4 32. Bd4 (32. Rb8 Rb4 $1 33.
Rc8 (33. Rxf8+ Kxf8 34. Bc5+ Ke8 35. Bxb4 b2 $19) 33... Rb5 $19) 32... g6 33.
Bb2 Kg7 34. Rd3 Rb4 35. Kg3 g5 36. Rd8 Bc5 37. Rd3 Kg6 38. h3 Rb7 39. Kg2 Kf5
0-1

[Event "Corus-B"]
[Site "Wijk aan Zee"]
[Date "2004.01.25"]
[Round "13"]
[White "Zhu, Chen"]
[Black "Granda Zuniga, Julio E"]
[Result "1-0"]
[WhiteElo "2495"]
[BlackElo "2581"]
[Annotator "Huzman,A"]
[PlyCount "67"]
[EventDate "2004.01.10"]
[EventType "tourn"]
[EventRounds "13"]
[EventCountry "NED"]
[EventCategory "13"]
[SourceTitle "CBM 099"]
[Source "ChessBase"]
[SourceDate "2004.03.30"]
[SourceVersion "1"]
[SourceVersionDate "2004.03.30"]
[SourceQuality "1"]

1. d4 d5 2. c4 dxc4 3. e3 Nf6 4. Bxc4 a6 5. Nf3 b5 6. Be2 Bb7 7. a4 b4 8. Nbd2
e6 9. O-O c5 10. a5 (10. Nc4 Be7 (10... Nc6 11. a5 Be7 12. Nb6 Rb8 13. Qc2 cxd4
14. Nxd4 Nxd4 15. exd4 O-O 16. Bf4 Bd6 17. Bxd6 Qxd6 18. Qc5 Rfd8 $11 {1/2-1/2
Andersson,U-Adianto,U/Biel 1994/TD (30)}) 11. dxc5 Qxd1 12. Rxd1 Bxc5 13. Nd4
O-O 14. Nb3 Be7 15. Nba5 Ra7 16. Nxb7 Rxb7 17. Bd2 Rd8 18. Be1 $14 {1-0 Balla,
Z-Merenyi,L/Temesvar 1912/EXT 98 (42)}) (10. Nb3 Nbd7 11. Bd2 cxd4 12. Nfxd4 e5
13. Nc2 a5 14. f3 Qb6 15. Be1 Bd5 16. Nd2 Bc5 $17 {0-1 Suba,M-Nikolic,P/Vrsac
1983/MCD (38)}) (10. dxc5 Bxc5 11. Nb3 Bd6 (11... Qxd1 12. Rxd1 Be7 13. Na5 Bd5
14. Nd4 Bd8 15. Nc4 O-O 16. a5 Nc6 17. Nxc6 Bxc6 18. Bd2 Be7 19. Nb6 Ra7 20.
Rac1 $16 {1-0 Pogorelov,R-Ayza Ballester,J/Pobla de Lillet 2002/CBM 89 ext (28)
}) 12. Nfd4 Ne4 13. Bf3 Qc7 14. h3 Nd7 15. Bd2 Ne5 16. Rc1 Qd8 17. Bxe4 Bxe4
$15 {1-0 Ryzhov,I-Korbut,E/St Petersburg 2001/EXT 2002 (24)}) 10... Nbd7 11.
Qa4 (11. Nc4 Be7 12. dxc5 Nxc5 13. Bd2 Nd5 14. Nd4 O-O 15. f3 Bf6 16. Nb3 Nxb3
17. Qxb3 Bg5 18. Rad1 Qc7 19. Bxb4 Nxb4 20. Qxb4 Bd5 21. f4 Be7 22. Qb6 Qc8 $44
{0-1 Amura,C-Spangenberg,H/Potrero de los Funes 1995/EXT 97 (34)}) 11... Qc7
12. Ne5 Be7 13. Ndc4 O-O 14. Bd2 Nxe5 (14... Rfd8 15. Rac1 Rac8 16. Rfd1 Bd5
$11) 15. dxe5 (15. Nxe5 Bd6 $17) 15... Nd7 16. f4 f6 17. exf6 Nxf6 $11 18. Rfd1
Rad8 19. Be1 Bc6 20. Qc2 Qb7 21. Bd3 Ne4 $2 {[%csl Ra6,Re6] This move is the
main reason of Black problems. He can't defend his weaknesses on a6 and e6
because he has to defend Ne4.} (21... Be4 $1 22. Bh4 (22. Nb6 Bxd3 23. Rxd3
Rxd3 24. Qxd3 Rd8 25. Qc4 Qe4 $11) 22... Bxd3 23. Rxd3 Rxd3 24. Qxd3 Rd8 25.
Qe2 Qd5 $11) 22. Nb6 Bf6 23. Bc4 Kh8 (23... Rfe8 24. Qb3 Kf8 25. Bxe6 Bxb2 26.
Rxd8 Bxa1 27. Rd1 Bf6 28. Nd7+ $18) 24. Bxe6 $16 Qe7 25. Bg4 {[%cal Gg4f3]} b3
$2 (25... g5 $5 $132) 26. Qxb3 Nd6 27. Bf2 c4 28. Qa3 $18 Qc7 29. Rac1 Nb5 30.
Qb4 Qb7 31. Bh3 c3 32. bxc3 Nxc3 33. Rxd8 Rxd8 34. Rxc3 (34. Rxc3 Rd1+ 35. Be1
Rxe1+ 36. Kf2 Bh4+ 37. g3 $18 {[%cal Gb4f8]}) 1-0

[Event "Griesheim Testa GM"]
[Site "Griesheim"]
[Date "2004.01.25"]
[Round "6"]
[White "Prusikin, Michael"]
[Black "Grabarczyk, Bogdan"]
[Result "1-0"]
[WhiteElo "2519"]
[BlackElo "2402"]
[Annotator "Huzman,A"]
[PlyCount "41"]
[EventDate "2004.01.20"]
[EventType "tourn"]
[EventRounds "9"]
[EventCountry "GER"]
[EventCategory "10"]
[SourceTitle "CBM 099"]
[Source "ChessBase"]
[SourceDate "2004.03.30"]
[SourceVersion "1"]
[SourceVersionDate "2004.03.30"]
[SourceQuality "1"]

1. d4 d5 2. c4 dxc4 3. Nf3 Nf6 4. e3 a6 5. Bxc4 b5 6. Be2 Bb7 7. O-O Nbd7 8. a4
b4 9. Nbd2 c5 10. Nc4 e6 11. Nfe5 cxd4 (11... Qc7 12. Bf3 Be7 13. Nxd7 Nxd7 14.
d5 exd5 15. Bxd5 Bxd5 16. Qxd5 Rd8 17. b3 O-O 18. Bb2 Bf6 19. Rac1 Nb6 20. Qf5
Bxb2 21. Nxb2 Rd5 22. Qe4 a5 23. Nc4 $11 {0-1 Benen,S-Jonkman,H/Philadelphia
USA 2003/(38)}) 12. Qxd4 (12. exd4 Be7 13. Bf3 Nd5 14. Bxd5 Bxd5 15. Qg4 Nxe5
16. Nxe5 O-O 17. Bf4 Rc8 18. Rac1 b3 19. Rxc8 Qxc8 20. Rc1 Qd8 $15 {1-0
Seirawan,Y-L'Ami,E/Dordrecht 2003/CB07 (48)}) 12... Nc5 (12... Nxe5 13. Qxe5
Rc8 14. Rd1 Qc7 15. Qxc7 Rxc7 16. Bd2 $14) 13. Qxd8+ Rxd8 14. Na5 Be4 (14...
Bd5 15. f3 Bd6 16. Nec4 Bc7 17. e4) 15. f3 Bc2 $2 16. e4 (16. Nec6 Rd7 17. Nxb4
$16) 16... Nxa4 (16... Bxa4 17. Be3 Nfd7 18. Nec6 Rc8 19. Nxb4 $32 {/+/-}) 17.
Be3 $1 Bc5 18. Kf2 $1 Bxe3+ 19. Kxe3 Rc8 (19... Nxb2 20. Nec6 Rc8 21. Nxb4 $18)
20. Rfc1 Nxb2 21. Kd2 1-0

[Event "Griesheim Testa GM"]
[Site "Griesheim"]
[Date "2004.01.24"]
[Round "5"]
[White "Murdzia, Piotr"]
[Black "Grabarczyk, Bogdan"]
[Result "0-1"]
[WhiteElo "2445"]
[BlackElo "2402"]
[Annotator "Huzman,A"]
[PlyCount "156"]
[EventDate "2004.01.20"]
[EventType "tourn"]
[EventRounds "9"]
[EventCountry "GER"]
[EventCategory "10"]
[SourceTitle "CBM 099"]
[Source "ChessBase"]
[SourceDate "2004.03.30"]
[SourceVersion "1"]
[SourceVersionDate "2004.03.30"]
[SourceQuality "1"]

1. d4 d5 2. c4 dxc4 3. Nf3 Nf6 4. e3 a6 5. Bxc4 b5 6. Bd3 Bb7 7. a4 b4 8. Nbd2
Nbd7 9. O-O c5 10. e4 $1 cxd4 (10... e6 11. d5 $5 (11. e5 Nd5 12. Nc4 $36)
11... exd5 12. e5 Ne4 13. Qe2 $44) 11. e5 Nc5 $1 (11... Nd5 12. e6 $1 $18) (
11... Ng4 12. e6 $1 Nde5 13. exf7+ Nxf7 14. Qe2 $44) 12. Qe2 (12. Bc4 $5 Nd5 (
12... Nfd7 13. e6 Nxe6 14. Bxe6 fxe6 15. Nxd4 $44) 13. a5 $1 (13. Nxd4 Nb6 $1 (
13... e6 14. Qg4 $36) 14. Qg4) 13... e6 (13... d3 $6 14. e6 $1 Nxe6 15. Ne5 {
[%cal Gd1a4]} Nc5 16. Qf3 $40) 14. Nxd4 Be7 15. Qg4 O-O 16. N2f3 Kh8 $13) 12...
Nd5 (12... Nxd3 13. Qxd3 Nd5 14. e6 $1 $40) 13. Ne4 (13. Bb5+ Nd7 14. e6 axb5
15. Qxb5 Qc8 16. exd7+ Qxd7 17. Nxd4 Qxb5 18. Nxb5 e6 $15) 13... Nxd3 (13...
Nb3 14. e6 $1 Nxa1 $140 (14... fxe6 15. Ne5 $44) 15. Bb5+ $18) 14. Qxd3 e6 (
14... Nc7 $5 15. Re1 Ne6 16. Neg5 $13) 15. Bg5 Qd7 16. Nfd2 {[%cal Gd2c4,Gc4d6,
Ge4d6]} h6 (16... Nc3 $5 17. Rfe1 $5 $13 (17. bxc3 dxc3 18. Nd6+ Bxd6 19. exd6
cxd2 $17)) 17. Bh4 Nf4 18. Qf3 Ng6 {[%mdl 32]} 19. Bg3 Rc8 20. Rac1 Rxc1 21.
Rxc1 Be7 $17 22. h4 O-O 23. h5 Bg5 $1 24. Rd1 (24. hxg6 Bxd2 25. Rd1 Bg5 $17)
24... Bxd2 $2 (24... Nxe5 $1 25. Bxe5 f5 $19) 25. Rxd2 Ne7 $2 {[%mdl 16384]} (
25... Bxe4 $142 26. Qxe4 Ne7 $17) 26. Nc5 Bxf3 27. Nxd7 Rd8 28. Rxd4 $15 Nc6 (
28... Bd5 29. Nc5 a5 30. Bh4 Re8 31. Bxe7 Rxe7 32. Rd1 Rc7 33. Rc1 $15) (28...
Nd5 29. Nc5 Be2 30. Re4 Rc8 31. Nxe6 Bxh5 32. Nf4 $11) 29. Rd6 Bd5 $6 (29...
Bxh5 30. f3 (30. Nc5 Rc8 31. Nxa6 Be2 32. Nc5 Nxe5 $17) (30. Rxc6 Rxd7 31. Rxa6
Rd2 $15) 30... a5 31. Bh4 Rc8 32. Nb6 Rc7 33. Na8 Ra7 34. Rxc6 Rxa8 35. Be7 $44
) 30. f3 b3 31. Be1 $16 {[%csl Ra6,Rb3]} Re8 32. Bc3 Ne7 33. Nb6 (33. Rxa6 $1
Rc8 34. Rb6 Bc6 35. Nc5 $16) 33... Bc6 34. Kf2 Rb8 35. a5 Bb5 36. g4 g6 37.
hxg6 Nxg6 38. Ke3 h5 39. gxh5 Ne7 40. Kf2 Kg7 41. Rd4 Rh8 42. Rg4+ Kh7 43. Rb4
Kg7 44. Rg4+ Kh7 45. Bd2 Nf5 46. Bg5 Rb8 47. Rb4 Ng7 48. Rxb3 (48. Nd7 $1 Rc8
49. Nf6+ Kh8 50. Rxb3 Rc2+ 51. Ke1 Nf5 52. Rc3 $18) 48... Nxh5 49. Be3 Be8 50.
Rd3 Ng7 51. Bg5 Bb5 52. Rd1 Nf5 53. Rh1+ Kg7 54. Rg1 Kh7 55. Rh1+ Kg6 56. Rg1
Kh7 57. Bf6 Rb7 58. Rh1+ Kg6 59. Rg1+ Kh7 60. Rc1 Rb8 61. b3 Kg6 62. Rg1+ Kh7
63. b4 Rb7 64. Rc1 Rb8 65. Nc8 Bd3 66. Rc3 Bb5 67. Nd6 Kg6 68. Rc1 Bd3 69. Rg1+
Kh7 70. b5 (70. Rd1 $1 Bc2 (70... Bb5 71. Rh1+ Kg6 72. Rg1+ Kh7 73. Nxf7 $18)
71. Rh1+ Kg6 72. Rg1+ Kh7 73. Nxf7 $18) 70... Nxd6 71. exd6 Bxb5 72. Rb1 Kg6
73. Be7 Rb7 74. Rg1+ Kh7 (74... Kf5 75. Rg5+ Kf4 76. Rxb5 $1 axb5 (76... Rxb5
77. d7 Rd5 (77... Rb2+ 78. Ke1 Rb1+ 79. Kd2 Rb5 80. Bd6+ $18) 78. d8=Q Rxd8 79.
Bxd8 e5 80. Ke2 f5 81. Bc7 $18) 77. Bd8 $1 b4 (77... Rd7 78. Bc7 b4 79. Ke2 $18
) 78. Bc7 $18) 75. Ke3 (75. Rc1 $1 Kg6 (75... Ba4 76. Rc7 Rb2+ 77. Ke3 Rb3+ 78.
Kd4 Bb5 79. Kc5 Rd3 80. Kb6 $18 {[%cal Gc7c5]}) 76. Rc7 Rxc7 77. dxc7 Bd7 78.
Ke3 Kf5 79. Kd4 e5+ 80. Kd5 f6 81. Kd6 Bc8 82. Bf8 Kf4 83. Bg7 Kxf3 84. Bxf6 e4
85. Ke7 e3 86. Kd8 e2 87. Bh4 $18) 75... Bc6 76. Rc1 Rb3+ 77. Kd4 Bb5 78. Rc3
$4 {[%mdl 8192] It is very strange decison. White overlooked that he loses a
rook, but even after the exchange of the rooks he would have only a draw.} (78.
Rc5 $1 Bd7 79. Rc7 Bb5 80. Ke4 Rd3 81. Rc5 f5+ 82. Ke5 $16) 78... e5+ 0-1

[Event "Czerniak Memorial 15th"]
[Site "Tel Aviv"]
[Date "1999.04.08"]
[Round "9"]
[White "Kantsler, Boris"]
[Black "Zifroni, Dov"]
[Result "0-1"]
[WhiteElo "2539"]
[BlackElo "2501"]
[Annotator "Huzman,A"]
[PlyCount "130"]
[EventDate "1999.03.??"]
[EventType "tourn"]
[EventRounds "9"]
[EventCountry "ISR"]
[EventCategory "10"]
[SourceTitle "CBM 071"]
[Source "ChessBase"]
[SourceDate "1999.08.01"]
[SourceVersion "1"]
[SourceVersionDate "1999.08.01"]
[SourceQuality "1"]

1. d4 d5 2. c4 dxc4 3. Nf3 Nf6 4. e3 Bg4 5. Bxc4 e6 6. h3 Bh5 7. O-O Nbd7 8.
Be2 Bd6 9. Nbd2 O-O 10. b3 (10. Nc4 Nb6 11. Nfe5 Bxe2 12. Qxe2 Nfd7 13. Nxd7
Qxd7 14. b3 Nxc4 15. Qxc4 e5 $11 {1/2-1/2 Najdorf,M-Miles,A/Buenos Aires 1979/
MCL 08 (27)}) 10... Re8 (10... e5 11. dxe5 Nxe5 12. Bb2 Re8 13. Nxe5 Bxe2 14.
Qxe2 Bxe5 15. Bxe5 Rxe5 16. Nc4 Re7 {1/2-1/2 Donner,J-Matulovic,M/Wijk aan Zee
1974/MCD-r7 (16)}) 11. Bb2 e5 12. Nc4 (12. dxe5 Nxe5 $15) 12... e4 13. Nfe5 (
13. Nfd2 Bxe2 14. Qxe2 Bf8 15. f3 c6 16. fxe4 Nxe4 17. Nxe4 Rxe4 18. Qf3 (18.
Nd2 Re6 19. e4 Bb4 $132 {[%csl Rd4,Re4]}) 18... Nf6 19. Ne5 Qd5 $15) 13... Bxe2
14. Qxe2 Nb6 15. Na5 (15. f3 $5 Re7 (15... exf3 16. Qxf3 Nxc4 17. bxc4 Qe7 $15
{/\18...Be5}) 16. fxe4 Nxe4 17. Qg4 (17. Nxf7 Rxf7 18. Rxf7 Kxf7 19. Nxb6 axb6
20. Qh5+ Kf8 (20... Ke7 21. Qxh7 $40) 21. Rf1+ Nf6 22. e4 Kg8 $1 $17) 17...
Nxc4 18. bxc4 (18. Nxc4 Qd7 $15 {[%csl Rd4,Re3]}) 18... Bxe5 19. dxe5 Qd3 20.
Bd4 Nc3 (20... c5 21. Rad1 Qc2 22. Rc1 Qd3 23. Rfd1 $16) 21. Rf2 $36 {[%cal
Ge5e6]}) 15... Rb8 16. Rac1 Nfd5 17. a3 Qg5 18. Nac4 Re6 19. Qg4 Qxg4 20. Nxg4
Bf8 21. Rc2 f6 $1 $15 {[%csl Rb2,Rg4]} 22. Rfc1 Nd7 23. Nh2 (23. Na5 $5) 23...
h5 24. Nf1 Kf7 25. f3 $6 exf3 26. gxf3 f5 27. Ne5+ (27. Ng3 f4 $1 (27... Nxe3
28. Nxe3 Rxe3 29. Rxc7 Rxb3 $1 30. Rxd7+ Ke6 31. Rcc7 Rxb2 32. Nxh5 $36) 28. e4
(28. exf4 Nxf4 29. Ne5+ Nxe5 30. Rxc7+ Kg8 31. dxe5 Rg6 32. Kh2 h4 $19) 28...
Rg6 29. Rg2 (29. exd5 Rxg3+ 30. Rg2 Rxf3 31. Ne5+ Nxe5 32. Rxc7+ Nd7 33. Rxd7+
Ke8 $17) 29... b5 $1 $17) 27... Ke8 28. e4 (28. Ng3 Nxe5 29. dxe5 g6 $15 30. e4
$140 fxe4 31. fxe4 Nf4 $1 $17 32. Rxc7 Nd3 (32... h4 33. Rc8+ Rxc8 34. Rxc8+
Kf7 35. Nf5 $1 gxf5 36. exf5 Rc6 37. e6+ $11) 33. Rc8+ (33. R1c2 Nxb2 34. Rxb2
Rxe5 $17 (34... h4 35. Nf1 Rxe5 $17)) 33... Rxc8 34. Rxc8+ Kf7 35. Bd4 Bxa3 $17
) 28... fxe4 29. fxe4 Nxe5 30. exd5 (30. dxe5 Nf4 $17) 30... Rg6+ 31. Kh1 Nd3
$19 32. Rd1 Nxb2 33. Rxb2 Bxa3 34. Ra2 Bd6 35. Rxa7 Kd7 {[%cal Yb8f8,Yf8f3]}
36. Ra2 Rf8 37. Rg2 Rxg2 38. Kxg2 Rf5 39. Ne3 Rg5+ 40. Kf2 Bf4 {[%cal Yg5g3]}
41. Ng2 Bg3+ $1 42. Kf3 (42. Ke2 Rxd5 43. Ne3 Rb5 $19) 42... Bd6 43. Ne3 Rg3+
44. Ke4 g5 $1 (44... Rxh3 45. Rg1) 45. Rh1 h4 46. b4 Bxb4 47. Nf5 Rb3 48. Rg1
Bd2 49. Ra1 Rxh3 50. Ra8 Bf4 51. Rh8 b5 $1 52. Rh7+ Kc8 53. Rg7 b4 54. d6 Bxd6
55. Nxd6+ cxd6 56. Kd5 (56. Rxg5 b3 $19) 56... b3 57. Rg8+ Kc7 58. Rg7+ Kb6 59.
Rg8 Ka7 60. Rg7+ Ka6 61. Rg8 b2 62. Rb8 Rh2 63. Kxd6 Rc2 64. d5 h3 65. Ke6 h2
0-1